[Event "Sainte Marie op"]
[Site "Sainte Marie"]
[Date "2005.10.23"]
[Round "9"]
[White "Uhl, Heinz"]
[Black "Lacrosse, Marc"]
[Result "1/2-1/2"]
[WhiteElo "2144"]
[BlackElo "2232"]
[PlyCount "23"]
[EventDate "2005.10.15"]
[EventType "swiss"]
[EventRounds "9"]
[EventCountry "FRA"]
[SourceTitle "EXT 2006"]
[Source "ChessBase"]
[SourceDate "2005.11.24"]
[SourceVersion "1"]
[SourceVersionDate "2005.11.24"]
[SourceQuality "1"]

1. c4 e6 2. Nc3 d5 3. cxd5 exd5 4. d4 Nf6 5. Bg5 Be7 6. Nf3 c6 7. e3 Bf5 8. Be2 Nbd7 9. Nh4 Be6 10. Qc2 h6 11. Bxf6 Nxf6 12. Nf5 1/2-1/2

[Event "Sainte Marie op"]
[Site "Sainte Marie"]
[Date "2005.10.21"]
[Round "7"]
[White "Uhl, Heinz"]
[Black "Letreguilly, Olivier"]
[Result "0-1"]
[WhiteElo "2144"]
[BlackElo "2295"]
[PlyCount "76"]
[EventDate "2005.10.15"]
[EventType "swiss"]
[EventRounds "9"]
[EventCountry "FRA"]
[SourceTitle "EXT 2006"]
[Source "ChessBase"]
[SourceDate "2005.11.24"]
[SourceVersion "1"]
[SourceVersionDate "2005.11.24"]
[SourceQuality "1"]

1. c4 c6 2. e4 e5 3. d4 d6 4. Nf3 Nd7 5. Bd3 Ngf6 6. 0-0 Be7 7. b3 0-0 8. Bb2 Qc7 9. Na3 exd4 10. Nxd4 Nc5 11. Re1 Re8 12. Rc1 Bf8 13. f3 Nxd3 14. Qxd3 Qa5 15. Nac2 Qg5 16. Rcd1 Bd7 17. Bc1 Qh4 18. g3 Qh3 19. Ne2 Rxe4 20. fxe4 Ng4 21. Qf3 Qxh2+ 22. Kf1 Ne5 23. Qg2 Bh3 24. Ne3 Ng4 25. Nf4 Bxg2+ 26. Nexg2 Qxg3 27. Re2 d5 28. Rd3 Nh2+ 29. Kg1 Bc5+ 30. Be3 Nf3+ 31. Kf1 dxe4 32. Rd7 Qg4 33. Rd1 Nh2+ 34. Ke1 Qg3+ 35. Bf2 Bb4+ 36. Red2 Qg4 37. Be3 Nf3+ 38. Kf2 Nxd2 0-1

[Event "Sainte Marie op"]
[Site "Sainte Marie"]
[Date "2005.10.17"]
[Round "3"]
[White "Fievet, Patrick"]
[Black "Uhl, Heinz"]
[Result "1/2-1/2"]
[WhiteElo "2106"]
[BlackElo "2144"]
[PlyCount "106"]
[EventDate "2005.10.15"]
[EventType "swiss"]
[EventRounds "9"]
[EventCountry "FRA"]
[SourceTitle "EXT 2006"]
[Source "ChessBase"]
[SourceDate "2005.11.24"]
[SourceVersion "1"]
[SourceVersionDate "2005.11.24"]
[SourceQuality "1"]

1. e4 c5 2. Nf3 d6 3. Bb5+ Nc6 4. Bxc6+ bxc6 5. h3 g6 6. 0-0 Bg7 7. Re1 e5 8. c3 Ne7 9. d4 cxd4 10. cxd4 exd4 11. Nxd4 0-0 12. Nc3 Qb6 13. Nb3 d5 14. Bg5 f6 15. Be3 Qd8 16. Bc5 Rf7 17. Nd4 dxe4 18. Bxe7 Qxe7 19. Rxe4 Qb7 20. Re8+ Rf8 21. Qe2 Bd7 22. Qc4+ Kh8 23. Re7 Rae8 24. Rae1 Qxb2 25. Nxc6 Bxc6 26. Qxc6 Rc8 27. Rc7 Rxc7 28. Qxc7 Qb6 29. Qxb6 axb6 30. Re6 Rb8 31. Nd5 b5 32. Nxf6 Bxf6 33. Rxf6 Ra8 34. Rb6 Kg7 35. Rxb5 Rxa2 36. Rb7+ Kh6 37. g4 g5 38. Kg2 Ra4 39. Kg3 Ra3+ 40. f3 Kg6 41. Rb6+ Kg7 42. Rb5 Kg6 43. Rb8 Kg7 44. Rb6 Rc3 45. Rb2 h6 46. Rh2 h5 47. gxh5 Kh6 48. h4 Kxh5 49. hxg5+ Kxg5 50. Ra2 Rc4 51. Ra5+ Kf6 52. f4 Rc1 53. Kf2 Rc3 1/2-1/2

[Event "Sainte Marie op"]
[Site "Sainte Marie"]
[Date "2005.10.15"]
[Round "1"]
[White "Parro, Vanderlei"]
[Black "Uhl, Heinz"]
[Result "0-1"]
[WhiteElo "1799"]
[BlackElo "2144"]
[PlyCount "40"]
[EventDate "2005.10.15"]
[EventType "swiss"]
[EventRounds "9"]
[EventCountry "FRA"]
[SourceTitle "EXT 2006"]
[Source "ChessBase"]
[SourceDate "2005.11.24"]
[SourceVersion "1"]
[SourceVersionDate "2005.11.24"]
[SourceQuality "1"]

1. e4 c5 2. Nf3 d6 3. d4 cxd4 4. Nxd4 Nf6 5. Nc3 g6 6. f3 Bg7 7. Be3 0-0 8. Qd2 Nc6 9. Nb3 Be6 10. Be2 Na5 11. Bh6 Nc4 12. Bxc4 Bxc4 13. 0-0-0 Bxb3 14. axb3 Qa5 15. Kb1 Rfe8 16. h4 Rac8 17. g4 Rc6 18. h5 Ra6 19. Kc1 Qa1+ 20. Nb1 Nxe4 0-1

[Event "Oberliga Nord O 0304"]
[Site "Germany"]
[Date "2004.02.15"]
[Round "6.6"]
[White "Uhl, Heinz"]
[Black "Tenner, Frank"]
[Result "1/2-1/2"]
[WhiteElo "2139"]
[BlackElo "2202"]
[PlyCount "81"]
[EventDate "2003.10.12"]
[EventType "team-tourn"]
[EventRounds "9"]
[EventCountry "GER"]
[SourceTitle "EXT 2005"]
[Source "ChessBase"]
[SourceDate "2004.11.15"]
[SourceVersion "1"]
[SourceVersionDate "2004.11.15"]
[SourceQuality "1"]
[WhiteTeam "Weisse Dame"]
[BlackTeam "Schwedt"]
[WhiteTeamCountry "GER"]
[BlackTeamCountry "GER"]

1. c4 e6 2. e4 c5 3. Nc3 Nc6 4. f4 a6 5. Nf3 d6 6. Be2 Qc7 7. 0-0 g6 8. d3 Bg7 9. Be3 Nd4 10. Rb1 Ne7 11. Ne1 Bd7 12. Bf3 Nec6 13. Ne2 0-0 14. a3 b5 15. b4 Rfb8 16. cxb5 axb5 17. bxc5 dxc5 18. Qc1 Qa7 19. e5 Nxf3+ 20. Rxf3 Bf8 21. Nc3 Qxa3 22. Ne4 Be7 23. Bxc5 Bxc5+ 24. Qxc5 Qxc5+ 25. Nxc5 Be8 26. Nc2 b4 27. Rb2 Ra5 28. Nb3 Ra7 29. g3 Ne7 30. Nc5 Nd5 31. d4 Bc6 32. Rfb3 Ba4 33. Nxa4 Rxa4 34. Kf2 Kf8 35. Ke2 Ke7 36. Kd3 Kd7 37. Kc4 Rc8+ 38. Kd3 Rb8 39. Kc4 Rc8+ 40. Kd3 Rb8 41. Kc4 1/2-1/2

[Event "Oberliga Nord O 0304"]
[Site "Germany"]
[Date "2003.12.14"]
[Round "4.6"]
[White "Uhl, Heinz"]
[Black "Dimitrijeski, Boris"]
[Result "1/2-1/2"]
[WhiteElo "2139"]
[BlackElo "2203"]
[PlyCount "69"]
[EventDate "2003.10.12"]
[EventType "team-tourn"]
[EventRounds "9"]
[EventCountry "GER"]
[SourceTitle "EXT 2005"]
[Source "ChessBase"]
[SourceDate "2004.11.15"]
[SourceVersion "1"]
[SourceVersionDate "2004.11.15"]
[SourceQuality "1"]
[WhiteTeam "Weisse Dame"]
[BlackTeam "Neukoelln II"]
[WhiteTeamCountry "GER"]
[BlackTeamCountry "GER"]

1. c4 e5 2. Nc3 Nf6 3. g3 d5 4. cxd5 Nxd5 5. Bg2 Nb6 6. Nf3 Nc6 7. d3 Be7 8. 0-0 0-0 9. Be3 Be6 10. Na4 e4 11. Ne1 exd3 12. Nxd3 Bd5 13. f3 Nc4 14. Bf2 N4e5 15. Nac5 Nxd3 16. Nxd3 Nb4 17. Nc1 b6 18. a3 Na6 19. Qc2 Qc8 20. e4 Bb7 21. Ne2 c5 22. Nf4 Nc7 23. Bh3 Qe8 24. Rad1 Bc6 25. Nd5 Nxd5 26. exd5 Bd7 27. Bg2 Bd6 28. Be1 c4 29. Bc3 Ba4 30. Qd2 Bxd1 31. Rxd1 Qd7 32. Bxg7 Kxg7 33. Qg5+ Kh8 34. Qf6+ Kg8 35. Qg5+ 1/2-1/2

[Event "Hessenliga 0102"]
[Site "Germany"]
[Date "2001.10.21"]
[Round "2.6"]
[White "Seidel, Juergen"]
[Black "Uhl, Heinz"]
[Result "1/2-1/2"]
[WhiteElo "2023"]
[BlackElo "2110"]
[PlyCount "88"]
[EventDate "2001.10.??"]
[EventType "team-tourn"]
[EventRounds "9"]
[EventCountry "GER"]
[SourceTitle "EXT 2003"]
[Source "ChessBase"]
[SourceDate "2002.11.25"]
[SourceVersion "1"]
[SourceVersionDate "2002.11.25"]
[SourceQuality "1"]
[WhiteTeam "Hofheim II"]
[BlackTeam "Bensheim"]
[WhiteTeamCountry "GER"]
[BlackTeamCountry "GER"]

1. d4 Nf6 2. Nf3 c5 3. e3 g6 4. c3 b6 5. dxc5 bxc5 6. e4 Qb6 7. e5 Ne4 8. Bd3 Nxf2 9. Kxf2 c4+ 10. Be3 Qxb2+ 11. Qc2 Qxa1 12. Bxc4 Ba6 13. Bb3 Nc6 14. Rd1 Rc8 15. Qd2 Nb8 16. Bxa7 e6 17. Bxb8 Bc5+ 18. Kg3 Rxb8 19. Qxd7+ Kf8 20. Qc6 Be7 21. Nbd2 Qb2 22. Qxa6 Qxc3 23. Ne4 Qe3 24. Qd3 Qa7 25. Qd2 h5 26. h4 Kg7 27. Qf4 Rb4 28. Nfg5 Rf8 29. Bxe6 Bxg5 30. Qxg5 Rxe4 31. Qf6+ Kg8 32. Qxg6+ Kh8 33. Qxh5+ Kg7 34. Qg5+ Kh8 35. Qh6+ Kg8 36. Qg6+ Kh8 37. Qxe4 fxe6 38. Rd2 Qg1 39. Re2 Rg8+ 40. Kf4 Rf8+ 41. Kg5 Rg8+ 42. Kh5 Qa7 43. Qf4 Qf7+ 44. Qxf7 Rg5+ 1/2-1/2